000 00305nam a22001217a 4500
020 _a0 7201 0453 X
082 _a025.2 ACQ
245 _aAcquisitions from the third world
260 _aLondon
_bMansell
_c1975
300 _avii,276p.
_bill.;24cm
650 _aAcquisitions from the third world
942 _cBK
999 _c19109
_d19109